000 00268 a2200133 4500
001 194764
040 _cMagnum
100 _aVieira, Adelina Lopes
240 1 0 _aChuva e sol
_lpor
245 1 0 _aChuva e sol
300 _a1
697 _aLITERATURA GERAL
942 _cBK
999 _c194764
_d194764